STRATEGIC MANAGEMENT: TEXT AND CASES (Record no. 8979)

MARC details
000 -LEADER
fixed length control field 00560nam a22001577a 4500
003 - CONTROL NUMBER IDENTIFIER
control field SGT
020 ## - INTERNATIONAL STANDARD BOOK NUMBER
International Standard Book Number 9789384319342
082 ## - DEWEY DECIMAL CLASSIFICATION NUMBER
Classification number 658.4012,GUP
100 ## - MAIN ENTRY--PERSONAL NAME
Personal name GUPTA,C.B
245 ## - TITLE STATEMENT
Title STRATEGIC MANAGEMENT: TEXT AND CASES
260 ## - PUBLICATION, DISTRIBUTION, ETC. (IMPRINT)
Place of publication, distribution, etc NEW DELHI
Name of publisher, distributor, etc S.CHAND
Year of Publication 2014
300 ## - PAGE DESCRIPTION
No. of Pages 394
650 ## - SUBJECT ADDED ENTRY--TOPICAL TERM
Topical term or geographic name as entry element EXECUTIVE MANAGEMENT
653 ## - KEYWORDS--INDEX TERM
Keyword term PART - I CONCEPTUAL FRAMEWORK PART - II STRATEGIC INTENT PART - III STRATEGY FORMULATION PART - IV STRATEGY IMPLEMENTATION PART - V STRATEGY EVALUATION AND CONTROL PART - VI STRATEGIC MANAGEMENT IN SPECIFIED AREAS
942 ## - ADDED ENTRY ELEMENTS (KOHA)
Source of classification or shelving scheme Dewey Decimal Classification
Koha item type FCM Books
Holdings
Withdrawn status Lost status Source of classification or shelving scheme Damaged status Not for loan Collection code Home library Current library Shelving location Date acquired Vendor Name Cost, normal purchase price SGTU Bill Number Total Checkouts Full call number Accession No. (Barcode) Date last seen Date last borrowed Bill Date Koha item type
    Dewey Decimal Classification     COMMERCE MANAGEMENT SGT Science & Social Sciences Library SGT Science & Social Sciences Library On Display 13/06/2016 SPARSH BOOK 350.00 SGTU 1291 19 658.4012,GUP CM479 30/10/2021 05/04/2021 25/11/2014 FCM Books